[Event "Bergamo op 12th"]
[Site "Bergamo"]
[Date "2013.07.21"]
[Round "5"]
[White "Messina, Enrico"]
[Black "Ganci, Stefano"]
[Result "1-0"]
[WhiteElo "2247"]
[BlackElo "1947"]
[PlyCount "127"]
[EventDate "2013.07.19"]
[EventType "swiss"]
[EventRounds "6"]
[EventCountry "ITA"]
[SourceTitle "EXT 2024"]
[Source "ChessBase"]
[SourceDate "2023.10.10"]
[SourceVersion "1"]
[SourceVersionDate "2023.10.10"]
[SourceQuality "1"]

1. e4 b6 2. d4 Bb7 3. Nc3 e6 4. Nf3 Nf6 5. Bd3 Bb4 6. Qe2 d5 7. e5 Ne4 8. 0-0 Nxc3 9. bxc3 Bxc3 10. Rb1 Nc6 11. Qe3 Bb4 12. Rd1 Be7 13. c3 Na5 14. Nd2 c5 15. Qg3 g6 16. dxc5 Bxc5 17. Ne4 Qc7 18. Nd6+ Bxd6 19. exd6 Qd7 20. Bg5 Bc6 21. Bf6 Rg8 22. Rb4 Nb7 23. Be7 f5 24. Rh4 Nxd6 25. Qxd6 Rg7 26. Qxd7+ Kxd7 27. Bf6 Rf7 28. Be5 g5 29. Rh6 Ke7 30. Re1 Bd7 31. c4 Kf8 32. f3 Rc8 33. cxd5 exd5 34. Bd4 Rc6 35. Rxc6 Bxc6 36. Re5 Bd7 37. Kf2 Re7 38. Rxd5 Be6 39. Rd8+ Kf7 40. a3 Rd7 41. Rxd7+ Bxd7 42. Bc4+ Kg6 43. g3 Bc6 44. Ke3 b5 45. Be6 a5 46. Bc3 b4 47. axb4 axb4 48. Bxb4 Bb7 49. Be7 Bc6 50. Bc4 h6 51. Bd3 Kf7 52. Bb4 Bd7 53. Bc3 Bc8 54. Kd4 Bb7 55. Bc4+ Kf6 56. Bd5 Ba6 57. Kc5+ Kg6 58. Kd6 Bd3 59. Kd7 Be2 60. f4 g4 61. Ke6 Bd3 62. Ke7 Bc2 63. Bf7+ Kh7 64. Kf6 1-0

[Event "Bergamo op 12th"]
[Site "Bergamo"]
[Date "2013.07.19"]
[Round "1"]
[White "Ganci, Stefano"]
[Black "Srebrnic, Vojko"]
[Result "0-1"]
[WhiteElo "1947"]
[BlackElo "2184"]
[PlyCount "121"]
[EventDate "2013.07.19"]
[EventType "swiss"]
[EventRounds "6"]
[EventCountry "ITA"]
[SourceTitle "EXT 2024"]
[Source "ChessBase"]
[SourceDate "2023.10.10"]
[SourceVersion "1"]
[SourceVersionDate "2023.10.10"]
[SourceQuality "1"]

1. b4 e5 2. Bb2 Bxb4 3. Bxe5 Nf6 4. c4 Nc6 5. Bb2 0-0 6. Nf3 d5 7. cxd5 Nxd5 8. e3 Bf5 9. Be2 Be7 10. a3 Bf6 11. d4 Re8 12. 0-0 Na5 13. Nbd2 c5 14. Nc4 Nxc4 15. Bxc4 Nb6 16. Bd3 Bxd3 17. Qxd3 Na4 18. Rab1 Nxb2 19. Rxb2 b6 20. Rd1 Qe7 21. Rc2 cxd4 22. Nxd4 Bxd4 23. exd4 Rad8 24. h3 g6 25. d5 Rd6 26. Rc6 Red8 27. Rxd6 Qxd6 28. Qa6 Rd7 29. Qc8+ Kg7 30. Qc3+ Qf6 31. Qg3 h5 32. Qb3 Qe5 33. Qd3 Rd6 34. Qb3 g5 35. Qc4 Kg6 36. Rd3 Qe1+ 37. Kh2 Rf6 38. f3 Qe5+ 39. Kg1 Rd6 40. Rd1 h4 41. a4 Kf6 42. Qb5 Qc3 43. Kf1 Qc8 44. Qb2+ Kg6 45. Qb1+ Qf5 46. Qb5 Qc2 47. Re1 Kf6 48. Qe8 Qd3+ 49. Kg1 Qd4+ 50. Kf1 Rxd5 51. Qh8+ Kg6 52. Qg8+ Qg7 53. Qa8 Ra5 54. Qe4+ Kh6 55. Rc1 Qb2 56. Rc6+ Kg7 57. Qc4 Qa1+ 58. Ke2 Rxa4 59. Qd5 Ra2+ 60. Kd3 Qb1+ 61. Rc2 0-1

[Event "Milan Crespi op-B 33rd"]
[Site "Milan"]
[Date "2012.12.08"]
[Round "4"]
[White "Ganci, Stefano"]
[Black "Primerano, Carlo"]
[Result "1-0"]
[WhiteElo "1933"]
[BlackElo "1773"]
[PlyCount "105"]
[EventDate "2012.12.05"]
[EventType "swiss"]
[EventRounds "7"]
[EventCountry "ITA"]
[SourceTitle "EXT 2015"]
[Source "ChessBase"]
[SourceDate "2014.11.20"]
[SourceVersion "1"]
[SourceVersionDate "2014.11.20"]
[SourceQuality "1"]

1. b4 e5 2. Bb2 d6 3. c4 Nf6 4. e3 g6 5. Nc3 Bg7 6. Nf3 0-0 7. d4 Nfd7 8. Be2 f5 9. dxe5 dxe5 10. Qb3 Kh8 11. 0-0 c6 12. Rad1 Qc7 13. a4 Nf6 14. c5 e4 15. Nd4 Re8 16. Rfe1 Ng4 17. g3 Ne5 18. Rd2 Qf7 19. Qxf7 Nxf7 20. Kg2 Nd7 21. Rb1 Nde5 22. b5 Bd7 23. bxc6 bxc6 24. Ba1 Reb8 25. Rdb2 Rxb2 26. Rxb2 Bf8 27. f3 exf3+ 28. Nxf3 Bxc5 29. Kf2 Kg8 30. Nd4 Nd6 31. Nb3 Bb6 32. Rb1 Nec4 33. Nd4 Re8 34. Nd1 Ne4+ 35. Ke1 Ba5+ 36. Bc3 Bxc3+ 37. Nxc3 Nxc3 38. Bxc4+ Kh8 39. Rb7 Bc8 40. Rxa7 Nd5 41. Bxd5 cxd5 42. Kd2 Kg8 43. a5 Kh8 44. Nb5 Re6 45. Nd4 Ra6 46. Rxa6 Bxa6 47. Kc3 Kg8 48. Kb4 Kf7 49. Kc5 Ke7 50. Nc6+ Ke6 51. Nb4 Bc4 52. a6 Bxa6 53. Nxa6 1-0

[Event "Milan Crespi op-B 33rd"]
[Site "Milan"]
[Date "2012.12.05"]
[Round "1"]
[White "Regorda, Vittorio"]
[Black "Ganci, Stefano"]
[Result "1-0"]
[WhiteElo "1801"]
[BlackElo "1933"]
[PlyCount "149"]
[EventDate "2012.12.05"]
[EventType "swiss"]
[EventRounds "7"]
[EventCountry "ITA"]
[SourceTitle "EXT 2015"]
[Source "ChessBase"]
[SourceDate "2014.11.20"]
[SourceVersion "1"]
[SourceVersionDate "2014.11.20"]
[SourceQuality "1"]

1. d4 b6 2. Nf3 Bb7 3. Nbd2 e6 4. g3 c5 5. e3 Nf6 6. Bg2 Qc7 7. 0-0 Be7 8. Re1 d6 9. c3 Nc6 10. b3 Rc8 11. Bb2 Qb8 12. a3 Qa8 13. Rc1 0-0 14. Qe2 Rfe8 15. e4 Bf8 16. Qd3 Ne7 17. e5 dxe5 18. dxe5 Red8 19. Qe2 Ne8 20. c4 Rd7 21. Rcd1 Rcd8 22. Nf1 Nf5 23. Rxd7 Rxd7 24. Rd1 Qd8 25. Rxd7 Qxd7 26. Qd2 Qxd2 27. N3xd2 Bxg2 28. Kxg2 h5 29. Nf3 Be7 30. a4 Nc7 31. N1d2 Na6 32. Bc3 Nb8 33. h4 Nc6 34. Ne4 Kf8 35. Kf1 Ke8 36. Nfd2 Kd7 37. Nf3 Bd8 38. Ke2 Bc7 39. Kd3 Ke7 40. Ned2 f6 41. exf6+ gxf6 42. Ne4 e5 43. Ned2 Ke6 44. Nf1 Ncd4 45. Bxd4 cxd4 46. N3d2 Bd6 47. f3 Bb4 48. Ne4 Ba5 49. c5 bxc5 50. Nxc5+ Ke7 51. Ne4 Bb4 52. Nh2 Ke6 53. Nf1 Nh6 54. Kc4 Be1 55. b4 Nf7 56. Nc5+ Kd6 57. Nd3 Bc3 58. Nc5 f5 59. Nb3 Ke6 60. Nc5+ Kd6 61. b5 Be1 62. a5 Nd8 63. a6 Ba5 64. Nh2 Nf7 65. Nb7+ Kc7 66. Nxa5 Nd6+ 67. Kc5 d3 68. Nb3 e4 69. Nf1 exf3 70. Nbd2 f2 71. Kb4 Kb6 72. Nc4+ Nxc4 73. Kxc4 Ka5 74. Kc5 Ka4 75. b6 1-0

[Event "Milan Crespi op-B 31th"]
[Site "Milan"]
[Date "2010.12.06"]
[Round "4"]
[White "Arboscelli, Gregorio"]
[Black "Ganci, Stefano"]
[Result "1/2-1/2"]
[WhiteElo "1906"]
[BlackElo "1891"]
[PlyCount "105"]
[EventDate "2010.12.04"]
[EventType "swiss"]
[EventRounds "7"]
[EventCountry "ITA"]
[SourceTitle "EXT 2024"]
[Source "ChessBase"]
[SourceDate "2023.10.10"]
[SourceVersion "1"]
[SourceVersionDate "2023.10.10"]
[SourceQuality "1"]

1. d4 Nf6 2. c4 c5 3. d5 b5 4. Nf3 g6 5. a4 bxc4 6. Nc3 d6 7. e4 Bg7 8. Bxc4 0-0 9. 0-0 Ba6 10. Nd2 Bxc4 11. Nxc4 Na6 12. f4 Nd7 13. a5 Rb8 14. Qe2 Qc8 15. Ra3 Nb4 16. Na4 Nf6 17. Rh3 Qg4 18. Rhf3 Qd7 19. Nc3 e6 20. dxe6 fxe6 21. e5 Ne8 22. exd6 Bd4+ 23. Kh1 Nxd6 24. Ne5 Qg7 25. Nc6 Nxc6 26. Qxe6+ Kh8 27. Qxd6 Nb4 28. f5 Rbd8 29. Qg3 Rde8 30. fxg6 Rxf3 31. Qxf3 Qxg6 32. Bf4 Rg8 33. g3 Re8 34. Na4 Qc6 35. Qxc6 Nxc6 36. Nxc5 Nxa5 37. b4 Nc4 38. Rd1 Bc3 39. Rc1 Re1+ 40. Rxe1 Bxe1 41. Nd3 Bc3 42. Kg2 Kg7 43. Kf3 Kg6 44. Ke4 Nd2+ 45. Kd5 Nf3 46. h4 Kf5 47. Bb8 a6 48. Bd6 Nd2 49. Nf2 Nf3 50. g4+ Kg6 51. h5+ Kf7 52. Ne4 Be1 53. Kc4 1/2-1/2

[Event "Milan Crespi op-B 31th"]
[Site "Milan"]
[Date "2010.12.05"]
[Round "3"]
[White "Ganci, Stefano"]
[Black "Paganini, Andrea"]
[Result "1/2-1/2"]
[WhiteElo "1891"]
[BlackElo "1840"]
[PlyCount "56"]
[EventDate "2010.12.04"]
[EventType "swiss"]
[EventRounds "7"]
[EventCountry "ITA"]
[SourceTitle "EXT 2024"]
[Source "ChessBase"]
[SourceDate "2023.10.10"]
[SourceVersion "1"]
[SourceVersionDate "2023.10.10"]
[SourceQuality "1"]

1. b4 d5 2. Bb2 Nf6 3. e3 e6 4. b5 c5 5. Nf3 a6 6. a4 axb5 7. axb5 Rxa1 8. Bxa1 c4 9. Nc3 Qa5 10. Be2 Bd7 11. 0-0 Bxb5 12. Nxb5 Qxb5 13. Qb1 Qc6 14. Ne5 Qc7 15. Qb5+ Nbd7 16. Rb1 Bd6 17. Nxd7 Qxd7 18. Qxd7+ Kxd7 19. Rxb7+ Bc7 20. d3 Kc6 21. Rb1 cxd3 22. cxd3 Rd8 23. Rc1+ Kd7 24. Rb1 Rb8 25. Rxb8 Bxb8 26. Bd1 Ke7 27. Ba4 g6 28. Bc3 Nd7 1/2-1/2

[Event "Milan Crespi op-B 31th"]
[Site "Milan"]
[Date "2010.12.05"]
[Round "2"]
[White "Silari, Andrea"]
[Black "Ganci, Stefano"]
[Result "0-1"]
[WhiteElo "1805"]
[BlackElo "1891"]
[PlyCount "100"]
[EventDate "2010.12.04"]
[EventType "swiss"]
[EventRounds "7"]
[EventCountry "ITA"]
[SourceTitle "EXT 2024"]
[Source "ChessBase"]
[SourceDate "2023.10.10"]
[SourceVersion "1"]
[SourceVersionDate "2023.10.10"]
[SourceQuality "1"]

1. e4 Nc6 2. d4 e5 3. d5 Nce7 4. Nf3 Ng6 5. Nc3 Bb4 6. Bd2 d6 7. h3 h5 8. g3 Bd7 9. Bd3 Qc8 10. Bb5 N8e7 11. Bxd7+ Qxd7 12. Ng5 Nf8 13. f4 f6 14. fxe5 dxe5 15. Nf3 Nc8 16. Qe2 Nd6 17. 0-0-0 0-0-0 18. Nb1 Qa4 19. Bxb4 Qxb4 20. Nfd2 Nd7 21. Rhe1 Nb6 22. a3 Qb5 23. Qxb5 Nxb5 24. Nf3 Nd6 25. b3 Nd7 26. Kb2 b5 27. Nbd2 Kb7 28. c4 a6 29. Rc1 bxc4 30. Nxc4 Nc5 31. Nxd6+ cxd6 32. Rc3 Rc8 33. Nd2 Rc7 34. Nc4 Rd7 35. Nxd6+ Rxd6 36. Rxc5 Rc8 37. Rec1 Rxc5 38. Rxc5 Rd8 39. b4 Rf8 40. Rc3 f5 41. Rf3 g6 42. Kb3 Kc7 43. Kc4 Kd6 44. a4 Rc8+ 45. Kb3 fxe4 46. Rf6+ Kxd5 47. Rxa6 e3 48. Ra5+ Kd4 49. Ra7 e2 50. Rd7+ Ke4 0-1

[Event "Corsico op-B 41st"]
[Site "Corsico"]
[Date "2009.10.04"]
[Round "4"]
[White "Ganci, Stefano"]
[Black "Cerioni, Armando"]
[Result "1-0"]
[WhiteElo "1899"]
[BlackElo "1987"]
[PlyCount "103"]
[EventDate "2009.10.02"]
[EventType "swiss"]
[EventRounds "5"]
[EventCountry "ITA"]
[SourceTitle "EXT 2012"]
[Source "ChessBase"]
[SourceDate "2011.11.24"]
[SourceVersion "1"]
[SourceVersionDate "2011.11.24"]
[SourceQuality "1"]

1. b4 e5 2. Bb2 Bxb4 3. Bxe5 Nf6 4. c4 Nc6 5. Bb2 0-0 6. a3 Be7 7. Nf3 Re8 8. e3 d5 9. cxd5 Nxd5 10. Be2 Bf6 11. Qc2 Nce7 12. Bxf6 Nxf6 13. Nc3 Bf5 14. d3 c5 15. 0-0 Rc8 16. Qd2 Qc7 17. e4 Bg6 18. Nb5 Qb8 19. e5 Nd7 20. Nd6 Nxe5 21. Nxe8 Rxe8 22. Nxe5 Qxe5 23. Rfe1 Qd6 24. Bf3 b6 25. Be4 Rd8 26. Qe3 Nc6 27. Bxc6 Qxc6 28. Qe7 Ra8 29. Re3 h6 30. a4 Qc8 31. a5 Qa6 32. Qd7 b5 33. Re8+ Rxe8 34. Qxe8+ Kh7 35. Qe7 Qf6 36. Qxf6 gxf6 37. Rc1 Bxd3 38. Rxc5 Kg6 39. f3 b4 40. Rc7 a6 41. Rd7 Bc2 42. Rb7 b3 43. Kf2 Kf5 44. Ke3 Ke5 45. Kd2 Kd4 46. Rb6 Kc5 47. Kc3 Bd1 48. Rxa6 Kb5 49. Rxf6 Kxa5 50. Rxf7 Ka4 51. Rf6 Be2 52. Kb2 1-0

[Event "Corsico op-B 41st"]
[Site "Corsico"]
[Date "2009.10.04"]
[Round "5"]
[White "Nardone, Massimo"]
[Black "Ganci, Stefano"]
[Result "1-0"]
[WhiteElo "1932"]
[BlackElo "1899"]
[PlyCount "115"]
[EventDate "2009.10.02"]
[EventType "swiss"]
[EventRounds "5"]
[EventCountry "ITA"]
[SourceTitle "EXT 2012"]
[Source "ChessBase"]
[SourceDate "2011.11.24"]
[SourceVersion "1"]
[SourceVersionDate "2011.11.24"]
[SourceQuality "1"]

1. d4 Nf6 2. Nf3 c5 3. e3 g6 4. Bd3 b6 5. Nbd2 Bb7 6. 0-0 Bg7 7. c3 0-0 8. e4 d6 9. Qe2 Nbd7 10. e5 dxe5 11. dxe5 Nd5 12. Nc4 Nc7 13. Ng5 Ne6 14. Nxe6 fxe6 15. f4 Qc7 16. Qg4 Rf5 17. Bxf5 exf5 18. Qg3 Nf8 19. Be3 Ne6 20. Qf2 Bc6 21. Rad1 Rb8 22. Nd2 Qb7 23. Nf3 Bb5 24. Rfe1 Bc6 25. Rd2 Qc7 26. Red1 Rc8 27. h4 Qb7 28. Ng5 Nxg5 29. hxg5 Qc7 30. Qg3 Ba4 31. b3 Bc6 32. Qh3 Re8 33. Kf2 e6 34. c4 Bf8 35. Rb2 a5 36. Kg1 Rb8 37. Bf2 Rc8 38. a3 Ra8 39. Be1 Rb8 40. b4 a4 41. bxc5 Bxc5+ 42. Bf2 Qe7 43. Rd3 Be4 44. Rc3 Rd8 45. Bxc5 Qxc5+ 46. Qe3 Rd1+ 47. Kf2 Rb1 48. Rxb1 Bxb1 49. Qxc5 bxc5 50. Ke3 Be4 51. g3 Bb1 52. Rc1 Ba2 53. Kd2 Kg7 54. Kc3 Bb3 55. Rh1 h5 56. gxh6+ Kh7 57. Rh2 Bd1 58. Rd2 1-0

[Event "Corsico op-B 41st"]
[Site "Corsico"]
[Date "2009.10.02"]
[Round "1"]
[White "Brociner, Beniamino"]
[Black "Ganci, Stefano"]
[Result "1/2-1/2"]
[WhiteElo "1725"]
[BlackElo "1899"]
[PlyCount "118"]
[EventDate "2009.10.02"]
[EventType "swiss"]
[EventRounds "5"]
[EventCountry "ITA"]
[SourceTitle "EXT 2012"]
[Source "ChessBase"]
[SourceDate "2011.11.24"]
[SourceVersion "1"]
[SourceVersionDate "2011.11.24"]
[SourceQuality "1"]

1. e4 e5 2. f4 d5 3. exd5 exf4 4. Nf3 c6 5. d4 Bd6 6. dxc6 Nxc6 7. d5 Qe7+ 8. Be2 Ne5 9. 0-0 Nf6 10. Nxe5 Bxe5 11. Bb5+ Kf8 12. Kh1 a6 13. Bc4 b5 14. Bb3 Qd6 15. Nd2 Bg4 16. Nf3 a5 17. a3 g5 18. Qd3 Bxf3 19. gxf3 Qd7 20. Re1 Bd6 21. Qd4 Qd8 22. Bd2 Rg8 23. a4 b4 24. Bc4 Nd7 25. Qe4 Qf6 26. c3 Nc5 27. Qe2 b3 28. Bb5 Qf5 29. c4 Qd3 30. Bc3 Qxe2 31. Rxe2 f5 32. Rae1 Nd3 33. Re8+ Kf7 34. Rxg8 Rxg8 35. Re6 Be7 36. Rh6 Bc5 37. Rxh7+ Kg6 38. Rc7 g4 39. Kg2 Kh6 40. Rc6+ Kh5 41. d6 Rd8 42. d7 Rxd7 43. Rxc5 Nxc5 44. Bxd7 Nxd7 45. Bxa5 Nc5 46. Bb4 Nxa4 47. Ba3 Nb6 48. c5 Nd5 49. c6 Kg6 50. Kf2 Kf6 51. Bd6 Ke6 52. Bc5 Nc7 53. Bb4 Nd5 54. Bc5 Nc7 55. Bb4 Nb5 56. Bd2 Ke5 57. Ba5 Kd5 58. c7 Nd6 59. Bd2 Kc6 1/2-1/2

[Event "Veneto-chT A/B 23rd"]
[Site "Venice Sanudo"]
[Date "1994.12.08"]
[Round "2.4"]
[White "Maneschi, Giuseppe"]
[Black "Ganci, Stefano"]
[Result "1-0"]
[WhiteElo "1800"]
[BlackElo "1600"]
[PlyCount "67"]
[EventDate "1994.12.08"]
[EventType "team-swiss"]
[EventRounds "4"]
[EventCountry "ITA"]
[SourceTitle "EXT 2022"]
[Source "ChessBase"]
[SourceDate "2021.10.06"]
[SourceVersion "1"]
[SourceVersionDate "2021.10.06"]
[SourceQuality "1"]
[WhiteTeam "Venezia Salvioli A "]
[BlackTeam "Padovano Santo"]
[WhiteTeamCountry "ITA"]
[BlackTeamCountry "ITA"]

1. c4 g6 2. Nc3 Bg7 3. g3 Nf6 4. Bg2 0-0 5. e4 d6 6. Nge2 c5 7. 0-0 Nc6 8. f4 Qc7 9. d3 a6 10. h3 Rb8 11. g4 b5 12. Rb1 bxc4 13. dxc4 Bb7 14. b3 e6 15. Bb2 Ne7 16. Qc2 Rbd8 17. Rbc1 Qb8 18. Rfd1 Ne8 19. Na4 Bxb2 20. Nxb2 Nc7 21. Rd2 Rd7 22. Na4 Qa7 23. Rcd1 Rfd8 24. Kh1 Nc8 25. e5 Bxg2+ 26. Kxg2 Qb7+ 27. Kh2 Ne8 28. Nxc5 dxc5 29. Nc3 Ne7 30. Re2 Rxd1 31. Nxd1 Qd7 32. Nf2 Qd4 33. Kg3 g5 34. fxg5 1-0